000 02163cam a2200277 4500500
005 20260322001938.0
041 _afre
042 _adc
100 1 0 _aBanens, Maks
_eauthor
245 0 0 _aGender inequalities in care for dependent relatives
260 _c2023.
500 _a40
520 _aOn November 5, 2024, the fourth and final conference in the series dedicated to integrative health and chronic diseases was held at the French National Assembly. Organized by the Institut Rafaël in partnership with the Integrative Health Chair at the Conservatoire National des Arts et Métiers, ELSAN, and Docaposte, and with the support of Sandrine Josso, member of the French National Assembly, the aim of these conferences was to provide a framework for discussion around integrative health and the challenges it faces, from medical, political, economic, social, and societal points of view, as well as in terms of patient experience. Hosted by Alain Toledano, these roundtables were an opportunity to bring together experts in their fields to discuss specific themes. The closing conference featured contributions from experts on the themes of the patient experience, the financing of health and social innovation, the support of local authorities and their elected representatives, the vision of hospital groups regarding support for those suffering from chronic diseases, and the role of integrative medicine in reducing sectarian drifts. It ended with the presentation of the David Servan-Schreiber Integrative Health Prize to two recipients. This article summarizes the ideas presented at this latest conference.
690 _aaidant cohabitant
690 _aaidant non cohabitant
690 _aaidantes
690 _aaidants
690 _adépendance
690 _adifférences entre hommes et femmes aidants
690 _agenre
690 _aperte d’autonomie
690 _aproches aidants
690 _arôles sexuels traditionnels
786 0 _nInformations sociales | o 208 | 4 | 2023-05-03 | p. 24-32 | 0046-9459
856 4 1 _uhttps://shs.cairn.info/journal-informations-sociales-2022-4-page-24?lang=en&redirect-ssocas=7080
999 _c1719191
_d1719191